000 00814cam a22002771i 4500
001 2564205
003 ARRUPE
005 20140520132533.0
008 740319s1973 nyu 001 0 eng d
010 _a 72009585
015 _aC74-100041-5
020 _a0670425966
035 _a(OCoLC)727326
035 _a(OCoLC)ocm00727326
035 _a(NNC)2564205
040 _aCaOONL
_beng
_cCaOONL
090 _aPG3458.A3
_bY3 1973
100 1 _aChekhov, Anton Pavlovich,
_d1860-1904.
_910355
245 1 0 _aLetters of Anton Chekhov /
_cselected and edited by Avrahm Yarmolinsky.
260 _aNew York :
_bViking Press,
_c1973.
300 _axvii, 490 p. ;
_c24 cm.
500 _aIncludes index.
700 1 _aYarmolinsky, Avrahm,
_d1890-1975,
_eeditor.
_910356
942 _2lcc
_cMONOGRAPH
999 _c120539
_d120539